| 000 | 00807nam a2200265 a 4500 | ||
|---|---|---|---|
| 001 | BRCA_5153 | ||
| 005 | 20190320204949.0 | ||
| 008 | 221110s1940----sp-a######---#000-0#spa-# | ||
| 041 | _aspa | ||
| 044 | _asp | ||
| 050 | 4 |
_aNA5811 _b.M66 11 1940 |
|
| 100 | 1 |
_aAlcolea, Santiago _913178 |
|
| 245 | 1 | 0 |
_aLa Catedral de Santiago _cpor Santiago Alcolea. |
| 260 |
_aMadrid _bPlus-Ultra _c[1940?] |
||
| 300 |
_a155 p. _bil. _c22 cm. |
||
| 440 | 0 |
_aLos monumentos cardinales de España _v4 _913179 |
|
| 500 | _aVer también C24, E2, E3, E18, E19, E20, E21, E22, E23, E24, E25, E27 | ||
| 500 | _aE26 | ||
| 504 | _aBibliografía: p. [157] | ||
| 650 | 1 | 4 |
_aArquitectura religiosa _zEspaña _97863 |
| 650 | 1 | 4 |
_aCatedrales _97862 |
| 651 | 4 |
_aSantiago, España _xCatedral _913180 |
|
| 902 | _aGFM | ||
| 942 |
_2lcc _cB |
||
| 999 |
_c4847 _d4847 |
||